000 00546nam a22002051a 4500
001 3499
003 OSt
005 20260204211853.0
008 041121s2003||||dr ||||||b||||||||||spa||
050 _aRD 510 M414p
082 _aRD510 M414p
100 _aSantana, Julian
245 _aMatemática para la educación media: Libro / Julian Santana
250 _a3
264 _aSanto Domingo : Teófilo
300 _a388 p
650 _a1.Matemática
700 _aGutierre Alejandro II.Herrera, Roberto III.Abreu, FernandoÌ
942 _2ddc
_cBK
999 _c3499
_d3499